000 06115cam a22012974i 4500
003 PE-LiUPU
005 20250813185603.0
008 150706s r 000 0 d
020 _a9786124011337
035 _a(Sirsi) i9786124011337
040 _aPE-LiUPU
_bspa
_cPE-LiUPU
_erda
049 _aPRUA
082 0 4 _a378.85
_bUPH
_221
110 2 _aRíos Burga, Jaime R.
245 1 3 _aLa Universidad en la segunda mitad del siglo XX (1950-1990) /
_cJaime R. Ríos Burga.
264 1 _aLima :
_bAsamblea Nacional de Rectores,
_c2009.
300 _a617 páginas :
_bilustraciones ;
_c24 centímetros
336 _atext
_2rdacontent
337 _aunmediated
_2rdamedia
338 _avolume
_2rdacarrier
490 0 _aLa universidad en el Perú: Historia, Presente y Futuro ;
_v5
504 _aIncluye bibliografía.
505 0 _aSociedad y universidad -- Reflexiones sobre la universidad en la segunda mitad del siglo XX. Jorge Basadre -- El problema de la juventud. José Luis Bustamante y Rivero -- La universidad no es una isla. Luis Alberto Sánchez -- La universidad en la segunda mitad del siglo XX: de la reforma de la universidad peruana de carácter populista (1945-1948) a las dos últimas décadas. Aurora Marraou Roldán -- La universidad y la nación. Luis Antonio Eguiguren -- La universidad y la cultura peruana. Raúl Porras Barrenechea -- La universidad nacional de Trujillo en la segunda mitad del siglo XX. Alfredo Valdivieso García -- Universidad y sociedad -- Desarrollo universitario y modernización en el Perú. Luis Montoya Canchis -- Elementos para un debate sobre la universidad. Juan Abugattas -- El sancherrismo y su campaña de ataques frontales a San Marcos y a la juventud universitaria en la coyuntura electoral de 1931 y su repercusión en el siglo Xx. Tirso Molinari -- Gobierno de la universidad. Varios -- La universidad Ricardo Palma. Wilfredo Kapsoli Escudero -- La reapertura de la universidad. Efraín Morote Best -- La universidad peruana. Darcy Ribeiro -- La universidad del presente y del futuro. Virgilio Roel Pineda -- La universidad peruana en el siglo XX -- José Jiménez Borja -- La universidad nacional de San Agustín. Juan Reynoso Dias -- La universidad de San Cristobal de Huamanga en la segunda mitad del Siglo XX. Varios -- La universidad de Huamanga al cumplirse veinte años de su nueva fundación. Alberto Arca Parro -- La universidad de Huamanga en su tricentenario. Emilio Romero -- La UNSCH y el cambio social en Ayacucho. Luis G. Lumbreras -- San Cristobal de Huamanga: 300 años. Varios -- Principios de política universitaria. Juan Rodríguez Pantigoso y Otros -- El debate actual sobre la universidad. Juan Abugattás -- Del desencuentro de los discursos a la liberación de las diferencias. José Ignacio López Soria -- El financiamiento de la universidad peruana: problemas y propuestas. Javier Sota Nadal -- Desarrollo universitario. Felipe Mac Grregor, S.J.
526 _aP202
526 _aP201
526 _aP163
526 _aP162
526 _aP161
526 _aP160
526 _aP148
526 _aP147
526 _aP146
526 _aP145
526 _aP144
526 _aP143
526 _aP142
526 _aP141
526 _aP140
526 _aP139
526 _aP138
526 _aP137
526 _aP136
526 _aP135
526 _aP134
526 _aP133
526 _aP129
526 _aP128
526 _aP127
526 _aP120
526 _aP119
526 _aP118
526 _aP116
526 _aP115
526 _aP114
526 _aP110
526 _aP109
526 _aP108
526 _aP104
526 _aP103
526 _aP102
526 _aP99
526 _aP98
526 _aP97
526 _aP96
526 _aP95
526 _aP93
526 _aP90
526 _aP89
526 _aP88
526 _aP83
526 _aP82
526 _aP62
526 _aP59
526 _aP58
526 _aP57
526 _aP51
526 _aP49
526 _aP48
526 _aP47
526 _aP29
526 _aP24
526 _aP20
526 _aP19
526 _aP17
526 _aP15
526 _aP14
526 _aP12
526 _aP10
526 _aP09
526 _aP08
526 _aP07
526 _aP06
526 _aP05
526 _aP04
526 _aP01
650 0 4 _aUniversidades
_zPerú
_xHistoria.
942 _2ddc
_cBOOK
949 _a378.85 UPH 5
_wDEWEY
_c1
_i62850
_lCCODEBUL1
_mBUL
_p22.00
_r0
_sY
_tBOOK
_u2015-7-6
_xEDUCACION
_zUNKNOWN
_0COMPRA
_o.STAFF. Colección General
949 _a378.85 UPH 5
_wDEWEY
_c2
_i62849
_lCCODEBUL1
_mBUL
_p22.00
_r0
_sY
_tBOOK
_u2015-7-6
_xEDUCACION
_zUNKNOWN
_0COMPRA
_o.STAFF. Colección General
949 _a376.51 R63 T5 2010
_wDEWEY
_c1
_iFJ05242
_lCCODEBUJ1
_mBUJ
_p22.00
_r0
_sY
_tBOOK
_u2016-07-08
_xEDUCACIÓN
_PP14
_o.STAFF -- Colección General Juliaca
949 _a376.51 R63 T5 2010
_wDEWEY
_c2
_iFJ05243
_lCCODEBUJ1
_mBUJ
_p22.00
_r0
_sY
_tBOOK
_u2016-07-08
_xEDUCACIÓN
_PP14
_o.STAFF -- Colección General Juliaca
994 _aC0
_bPEPRU
596 _a1 3
999 _a378.85 UPH 5
_wDEWEY
_c51860
_i62850
_f2021-11-8
_g5
_lCCODEBUL1
_mBUL
_p22.00
_r0
_sN
_tBOOK
_u2015-7-6
_xEDUCACION
_zUNKNOWN
_0COMPRA
_o.STAFF. Colección General
_d51860
999 _a378.85 UPH 5
_wDEWEY
_c2
_i62849
_f2021-11-8
_g5
_lCCODEBUL1
_mBUL
_p22.00
_r0
_sY
_tBOOK
_u2015-7-6
_xEDUCACION
_zUNKNOWN
_0COMPRA
_o.STAFF. Colección General
999 _a376.51 R63 T5 2010
_wDEWEY
_c1
_iFJ05242
_f2022-1-18
_g3
_lCCODEBUJ1
_mBUJ
_r0
_sY
_tBOOK
_u2017-1-12
_xEDUCACION
_PP20
_0DONACION
_o.STAFF. Colección General Juliaca
999 _a376.51 R63 T5 2010
_wDEWEY
_c2
_iFJ05243
_d2018-12-3
_f2022-1-18
_g3
_lCCODEBUJ1
_mBUJ
_q1
_r0
_sY
_tBOOK
_u2017-1-12
_xEDUCACION
_PP20
_0DONACION
_o.STAFF. Colección General Juliaca
980 _81
_gALBERTO SANCHEZ Responsable de Automatización